| 000 | 00456nam a22001697a 4500 | ||
|---|---|---|---|
| 003 | BD-ChCU | ||
| 005 | 20260430134540.0 | ||
| 008 | 260430b bg ||||| |||| 00| 0 ben d | ||
| 040 | _cBD-ChCU | ||
| 082 | _a658 TOA | ||
| 100 |
_aTowl , A.R. _922165 |
||
| 245 |
_aAsci case collection , first series ./ _cA.R. Towl. |
||
| 260 |
_aBombay : _bAsia pub . house , _cC 1963 |
||
| 300 | _axxviii , 344p. | ||
| 650 | 0 |
_aManagement . _922166 |
|
| 942 |
_2ddc _cBK _n0 |
||
| 999 |
_c112561 _d112561 |
||